| 000 | 01008cam a22003137a 4500 | ||
|---|---|---|---|
| 003 | CHAP | ||
| 005 | 20220817043828.0 | ||
| 008 | 010926d2000 mx r 00110 spa d | ||
| 010 | _a85550 | ||
| 011 | _a86522 | ||
| 020 | _a0032053445 | ||
| 035 | _a97060 | ||
| 040 | _cCHAP | ||
| 082 | 0 | 4 |
_a575.2 _bS8 |
| 100 | 0 | 0 |
_aSutherland, William J. _9110799 |
| 245 | 1 | 4 |
_aThe conservation handbook : _bresearch, management and policy _c/by William J. Sutherland |
| 260 |
_aOsney Mead : _bBlackwell Science, _c2000. |
||
| 300 |
_a278 p. : _bilus. |
||
| 590 |
_aBATCH-UPD _b10 _c20130110 _lUCH01 _h0727 |
||
| 590 |
_aBATCH-UPD _b10 _c20130410 _lUCH01 _h0411 |
||
| 590 |
_aBATCH-UPD _b10 _c20130914 _lUCH01 _h0629 |
||
| 590 |
_aCONVERSION _b10 _c20130109 _lUCH01 _h1347 |
||
| 650 | 1 | 4 |
_aBiodiversidad. _912724 |
| 650 | 1 | 4 |
_aRecursos naturales _xConservación. |
| 901 | _aBK | ||
| 905 | _aAlejandra Carrasco M. | ||
| 942 | _cLIBRO | ||
| 949 |
_a575.2 S8 _bBC _cLIBRO _d33724000862256 _eLIBRO _h102297 _i97060 _kI.c/e _si _t$ 400.00 |
||
| 999 |
_c85550 _d85550 |
||